[Event "BEL-ch op"]
[Site "Niel"]
[Date "2017.07.05"]
[Round "5"]
[White "Verbist, Julien"]
[Black "Van Simaeys, Axel"]
[Result "1-0"]
[WhiteElo "1924"]
[BlackElo "1587"]
[PlyCount "123"]
[EventDate "2017.07.01"]
[EventType "swiss"]
[EventRounds "9"]
[EventCountry "BEL"]
[SourceTitle "EXT 2018"]
[Source "ChessBase"]
[SourceDate "2017.10.13"]
[SourceVersion "1"]
[SourceVersionDate "2017.10.13"]
[SourceQuality "1"]

1. e4 e6 2. Nc3 d5 3. Bd3 c5 4. exd5 exd5 5. Bb5+ Nc6 6. d4 a6 7. Bxc6+ bxc6 8. Nf3 Nf6 9. 0-0 Be7 10. dxc5 Bxc5 11. Re1+ Be7 12. Qe2 Bg4 13. b3 Bxf3 14. gxf3 Ra7 15. Ba3 Ng8 16. Bc5 Ra8 17. Rad1 Kf8 18. Qe3 h5 19. Bxe7+ Nxe7 20. Qc5 Rh6 21. Re5 Qd6 22. Qxd6 Rxd6 23. Rxh5 Ng6 24. Kf1 f6 25. f4 Kf7 26. f5 Ne7 27. Ne4 Rdd8 28. Ng3 Rh8 29. Rxh8 Rxh8 30. Rd4 Rxh2 31. Ra4 Ke8 32. Rxa6 Kd7 33. Ra4 Kd6 34. Ra7 Rh4 35. Ke2 Rg4 36. Kf3 Rg5 37. Kf4 g6 38. fxg6 Nxg6+ 39. Kf3 Re5 40. Ra4 Re1 41. Ne2 Kc5 42. Ke3 Ne5 43. Rf4 Rd1 44. f3 Nd7 45. a4 Kb6 46. Rb4+ Ka6 47. Rh4 c5 48. Nc3 d4+ 49. Ke2 Rc1 50. Kd2 Rf1 51. Ne4 Rxf3 52. Rh7 f5 53. Nd6 Nb6 54. Rh6 Rf2+ 55. Kc1 Ka7 56. a5 Nd5 57. Nb5+ Kb8 58. a6 Ne7 59. Rh8+ Nc8 60. a7+ Kb7 61. Rxc8 Rf1+ 62. Kb2 1-0